000 00897nam a2200217Ia 4500
001 Para_10389
008 220602s9999 xx 000 0 und d
090 _aPA CD - TESIS 415
100 _aSánchez Aguilar, Ana Bell
_9129357
245 _aEstimación del daño de Septoria tritici a variedades de trigo (Triticum aestivum) / Ana Bell Sánchez Aguila y Víctor Antonio Carrillo Cortés; Director Santos Gerardo Leyva Mir
260 _aChapingo, Méx.: el autor
300 _a1 CDS ROM (s/n p.)
502 _aTesis (Ing. Agr. Esp. en Parasitología Agrícola). UACh. Departamento Parasitología Agrícola
700 _aLeyva Mir, Santos Gerardo. Director
_9171335
710 _aUACh Departamento Parasitología AgrícolaÌ
_9185010
901 _aPA CD - TESIS 415
902 _aM
905 _a513220Abril, 2015 abnm8100000000 06
942 _c2
999 _c217281
_d217281